Countries you can fly to from London Heathrow Airport (LHR) - Statistics

General Stats
  • This quiz has been taken 41 times
  • The average score is 69 of 80
Answers on the Map
Answers color-coded by a green-red scale on the quiz's map according to % correct below.
 
Answer Stats
Number of destinations Answer % Correct
6 Canada
100%
2 Denmark
100%
1 Finland
100%
9 France
100%
9 Germany
100%
11 Greece
100%
4 Ireland
100%
12 Italy
100%
2 Mexico
100%
2 Morocco
100%
2 Norway
100%
2 Poland
100%
3 Portugal
100%
3 Saudi Arabia
100%
11 Spain
100%
2 Sweden
100%
3 Switzerland
100%
3 Turkey
100%
14 United Kingdom
100%
32 United states
100%
1 Australia
97%
1 Belgium
97%
2 brazil
97%
13 China
97%
2 Egypt
97%
1 Iceland
97%
5 India
97%
1 Netherlands
97%
3 Austria
94%
1 Colombia
94%
3 Croatia
94%
1 Czechia
94%
1 Israel
94%
1 Japan
94%
1 South Korea
94%
1 Algeria
91%
1 Hungary
91%
1 Qatar
91%
1 Romania
91%
1 Serbia
91%
2 South Africa
91%
1 Tunisia
91%
3 United Arab Emirates
91%
1 Bulgaria
89%
1 Kuwait
89%
1 Singapore
89%
2 Thailand
89%
2 Vietnam
89%
1 Albania
86%
1 Jordan
86%
1 Kenya
86%
1 Malaysia
86%
2 Nigeria
86%
2 Pakistan
86%
1 Slovenia
86%
1 Ethiopia
83%
1 Oman
83%
1 Montenegro
80%
1 Chile
77%
1 Lebanon
77%
1 Luxembourg
77%
1 Taiwan
77%
1 Azerbaijan
74%
2 Bangladesh
74%
1 Bahrain
71%
2 Cyprus
71%
1 Ghana
71%
1 Malta
71%
1 Georgia
69%
1 Kazakhstan
69%
1 Sri Lanka
69%
1 Maldives
66%
1 Bahamas
63%
1 Jamaica
60%
1 Uzbekistan
60%
1 Barbados
57%
1 Antigua and Barbuda
51%
1 Rwanda
46%
1 Costa Rica
43%
1 Brunei
40%
No matching quizzes found
Score Distribution
Percent of People with Each Score
Percentile by Number Answered
Your Score History
You have not taken this quiz